[Event "Open Bicentenario Móstoles 1808"]
[Site "Móstoles ESP"]
[Date "2008.05.20"]
[Round "1.1"]
[White "Toranzo Fernandez, Dionisio"]
[Black "Mirzoev, Azer"]
[Result "1/2-1/2"]
[WhiteElo "2011"]
[BlackElo "2543"]
[PlyCount "119"]
[EventDate "2008.05.20"]
[EventType "swiss"]
[EventRounds "1"]
[EventCountry "ESP"]
[Source "lmi"]
[SourceDate "2008.05.20"]

1. Nf3 d5 2. d4 Nf6 3. c4 e6 4. g3 c6 5. Qc2 dxc4 6. Qxc4 b5 7. Qd3 Bb7 8. Bg2
Nbd7 9. O-O a6 10. Bg5 Be7 11. Rd1 Qb6 12. Bxf6 Nxf6 13. Ne5 O-O 14. Nc3 Rfd8
15. Qc2 c5 16. Bxb7 Qxb7 17. dxc5 Bxc5 18. Rxd8+ Rxd8 19. Rd1 Rc8 20. Qd3 Bb4
21. a4 bxa4 22. Nxa4 h6 23. b3 Nd5 24. Nc4 Rb8 25. Rc1 Be7 26. Na5 Qb5 27. Qxb5
Rxb5 28. Nc6 Ba3 29. Rb1 g5 30. h3 Bf8 31. Kf1 Bg7 32. Ke1 h5 33. e3 h4 34.
gxh4 gxh4 35. Ke2 Kf8 36. Kd3 Ke8 37. Nd4 Nb4+ 38. Kc4 Bxd4 39. Kxd4 Rg5 40.
Nc5 Rg2 41. Ne4 f5 42. Nc5 Ke7 43. Kc4 Nd5 44. Ra1 Rxf2 45. Rxa6 Nxe3+ 46. Kd3
Nd5 47. Rxe6+ Kf7 48. Rh6 Rf4 49. Rd6 Ne7 50. Ke3 Rf1 51. Nd3 Rg1 52. b4 Rg3+
53. Kf4 Rxh3 54. b5 Rh1 55. b6 Rb1 56. Ne5+ Kg7 57. Rd7 Rxb6 58. Rxe7+ Kf6 59.
Nd7+ Kxe7 60. Nxb6 1/2-1/2

[Event "Open Bicentenario Móstoles 1808"]
[Site "Móstoles ESP"]
[Date "2008.05.20"]
[Round "1.2"]
[White "Sanchez, Joseph"]
[Black "Fuentes Arjona, Antonio"]
[Result "1-0"]
[WhiteElo "2507"]
[BlackElo "1992"]
[PlyCount "61"]
[EventDate "2008.05.20"]
[EventType "swiss"]
[EventRounds "1"]
[EventCountry "ESP"]
[Source "lmi"]
[SourceDate "2008.05.20"]

1. e4 c5 2. d4 cxd4 3. c3 dxc3 4. Nxc3 Nc6 5. Nf3 d6 6. Bc4 e6 7. O-O Nf6 8.
Qe2 Be7 9. Rd1 e5 10. h3 O-O 11. Be3 Qa5 12. a3 a6 13. b4 Qc7 14. Rac1 Bd7 15.
Nd5 Nxd5 16. exd5 Nd8 17. Bxa6 Qb8 18. Bb5 Bxb5 19. Qxb5 Rxa3 20. Qd7 Rxe3 21.
fxe3 Bf6 22. Ra1 e4 23. Nd4 Bxd4 24. Rxd4 f5 25. Rc4 b5 26. Rc8 Qb6 27. Qa7
Qxa7 28. Rxa7 f4 29. Raa8 fxe3 30. Rxd8 e2 31. Rxf8# 1-0

[Event "Open Bicentenario Móstoles 1808"]
[Site "Móstoles ESP"]
[Date "2008.05.20"]
[Round "1.3"]
[White "Fernandez Garcia, Ignacio"]
[Black "Roa Alonso, Santiago"]
[Result "0-1"]
[WhiteElo "1992"]
[BlackElo "2482"]
[PlyCount "90"]
[EventDate "2008.05.20"]
[EventType "swiss"]
[EventRounds "1"]
[EventCountry "ESP"]
[Source "lmi"]
[SourceDate "2008.05.20"]

1. e4 c5 2. Nf3 d6 3. Bc4 Nc6 4. c3 Nf6 5. d3 e6 6. Bb3 Be7 7. O-O O-O 8. Na3
b6 9. Bc2 Bb7 10. Bf4 Rc8 11. Rc1 h6 12. h3 e5 13. Bd2 d5 14. Qe2 Re8 15. Rcd1
Bf8 16. Nh2 Nb8 17. g4 Ba6 18. c4 dxe4 19. dxe4 Nc6 20. Be3 Nd4 21. Bxd4 cxd4
22. Bd3 Bxa3 23. bxa3 Nd7 24. Rb1 Nc5 25. Rb4 Qh4 26. Kg2 Ne6 27. Qf3 Nf4+ 28.
Kh1 Qxh3 29. Qxh3 Nxh3 30. Ra4 Nf4 31. Rxa6 Nxd3 32. Rxa7 Rxc4 33. Nf3 Rc2 34.
Kg1 Re2 35. g5 Rxe4 36. gxh6 Rg4+ 37. Kh1 Re6 38. Ra8+ Kh7 39. hxg7 Rh6+ 40.
Nh2 Kxg7 41. Rc8 Rgh4 42. Rg1+ Kf6 43. Rc6+ Kf5 44. Rxh6 Rxh6 45. Rg2 Ne1 0-1

[Event "Open Bicentenario Móstoles 1808"]
[Site "Móstoles ESP"]
[Date "2008.05.20"]
[Round "1.4"]
[White "Moreno Ruiz, Javier"]
[Black "Cabañas Bravo, Juan Andres"]
[Result "1-0"]
[WhiteElo "2477"]
[BlackElo "1959"]
[PlyCount "51"]
[EventDate "2008.05.20"]
[EventType "swiss"]
[EventRounds "1"]
[EventCountry "ESP"]
[Source "lmi"]
[SourceDate "2008.05.20"]

1. d4 Nf6 2. c4 g6 3. Nc3 d5 4. cxd5 Nxd5 5. e4 Nxc3 6. bxc3 c5 7. Nf3 Bg7 8.
Bb5+ Bd7 9. Bxd7+ Qxd7 10. O-O Nc6 11. Be3 cxd4 12. cxd4 O-O 13. d5 Na5 14. Bd4
Rfc8 15. Bxg7 Kxg7 16. Qd4+ f6 17. Rac1 b6 18. e5 Nb7 19. d6 Rc5 20. Rce1 Re8
21. h4 Qf5 22. exf6+ Qxf6 23. d7 Rf8 24. Rxe7+ Rf7 25. Rxf7+ Kxf7 26. Ng5+ 1-0

[Event "Open Bicentenario Móstoles 1808"]
[Site "Móstoles ESP"]
[Date "2008.05.20"]
[Round "1.5"]
[White "Camarero Izquierdo, Juan Carlos"]
[Black "Dolezal, Cristian"]
[Result "0-1"]
[WhiteElo "1959"]
[BlackElo "2436"]
[PlyCount "108"]
[EventDate "2008.05.20"]
[EventType "swiss"]
[EventRounds "1"]
[EventCountry "ESP"]
[Source "lmi"]
[SourceDate "2008.05.20"]

1. e4 c5 2. Nf3 e6 3. d4 cxd4 4. Nxd4 Nf6 5. Bd3 Nc6 6. Nxc6 bxc6 7. O-O e5 8.
f4 Bc5+ 9. Kh1 d6 10. f5 h6 11. Nc3 Rb8 12. Qf3 Nd7 13. Qg4 Qf6 14. Rf3 Nf8 15.
Qh5 Nh7 16. Rg3 Bf2 17. Rh3 Rg8 18. Nd1 Bb6 19. Rg3 Kf8 20. Be3 Bxe3 21. Nxe3
Rxb2 22. Bc4 Rb7 23. h4 Qd8 24. Rh3 Nf6 25. Qf3 d5 26. Rd1 Rd7 27. exd5 e4 28.
Qf2 cxd5 29. Bb5 Rd6 30. g4 d4 31. Qf4 g5 32. hxg5 hxg5 33. Qg3 Rb6 34. Bc4 Qd6
35. Qg1 Qe5 36. Nd5 e3 37. Nxb6 Bb7+ 38. Nd5 Nxd5 39. Qg3 Nf4+ 40. Kh2 Rh8 41.
Rh5 Qf6 42. Rb1 Nxh5 43. Qb8+ Kg7 44. Qxb7 Nf4+ 45. Kg1 e2 46. Qe4 Rh3 47. Rb7
Re3 48. Rxf7+ Qxf7 49. Qxd4+ Kf8 50. Qxe3 Qxc4 51. Kf2 Qd5 52. Qa3+ Ke8 53.
Qxa7 Qg2+ 54. Ke1 Qf1+ 0-1

[Event "Open Bicentenario Móstoles 1808"]
[Site "Móstoles ESP"]
[Date "2008.05.20"]
[Round "1.6"]
[White "Barria Zuñiga, Daniel"]
[Black "Beltran de Heredia Eguiazabal, Miguel Angel"]
[Result "1-0"]
[WhiteElo "2426"]
[BlackElo "1948"]
[PlyCount "103"]
[EventDate "2008.05.20"]
[EventType "swiss"]
[EventRounds "1"]
[EventCountry "ESP"]
[Source "lmi"]
[SourceDate "2008.05.20"]

1. d4 Nf6 2. c4 c5 3. d5 b5 4. Qc2 bxc4 5. e4 d6 6. Bxc4 g6 7. Nc3 Bg7 8. Nf3
O-O 9. O-O Ba6 10. Nb5 Bxb5 11. Bxb5 Nfd7 12. Rb1 a6 13. Be2 a5 14. Bd2 Na6 15.
a3 Qc7 16. Qa4 Nb6 17. Qc2 Nd7 18. Rfc1 Rfb8 19. b3 Qb7 20. Bxa5 Nc7 21. Bxc7
Qxc7 22. a4 Rb4 23. Bb5 Nb6 24. g3 Qa7 25. Kg2 Qa5 26. h4 c4 27. bxc4 Nxa4 28.
Bc6 Ra7 29. Bxa4 Rxa4 30. Rb8+ Bf8 31. c5 Ra2 32. Qc3 Qxc3 33. Rxc3 dxc5 34.
Rxc5 Ra8 35. Rxa8 Rxa8 36. e5 Rd8 37. Rb5 Bg7 38. g4 h6 39. g5 Rc8 40. Kg3 h5
41. Kf4 Rc4+ 42. Ke3 Rc3+ 43. Ke4 Rc4+ 44. Nd4 f6 45. Rb8+ Kh7 46. gxf6 exf6
47. Kd3 Ra4 48. e6 f5 49. Nc6 Ra3+ 50. Kc4 Rc3+ 51. Kb4 Rc1 52. e7 1-0

[Event "Open Bicentenario Móstoles 1808"]
[Site "Móstoles ESP"]
[Date "2008.05.20"]
[Round "1.8"]
[White "Pogorelov, Ruslan"]
[Black "Alvarez Escudero, Manuel"]
[Result "1-0"]
[WhiteElo "2423"]
[BlackElo "1912"]
[PlyCount "67"]
[EventDate "2008.05.20"]
[EventType "swiss"]
[EventRounds "1"]
[EventCountry "ESP"]
[Source "lmi"]
[SourceDate "2008.05.20"]

1. Nf3 d5 2. d4 g6 3. c4 c6 4. Nc3 Bg7 5. cxd5 cxd5 6. Bf4 Nc6 7. e3 Nf6 8. h3
e6 9. Be2 Bd7 10. O-O O-O 11. Rc1 Re8 12. Nb5 Ne4 13. Nc7 e5 14. Nxe8 exf4 15.
Nxg7 fxe3 16. fxe3 Ng3 17. Re1 Kxg7 18. Qb3 Qc8 19. Qxd5 Bxh3 20. gxh3 Qxh3 21.
Nh2 Re8 22. Qg2 Nxe2+ 23. Rxe2 Rxe3 24. Qxh3 Rxh3 25. d5 Nb4 26. Rd1 Nd3 27. d6
Rg3+ 28. Rg2 Rxg2+ 29. Kxg2 Nf4+ 30. Kf3 Ne6 31. d7 Nd8 32. Re1 Nc6 33. Re8
Ne5+ 34. Rxe5 1-0

[Event "Open Bicentenario Móstoles 1808"]
[Site "Móstoles ESP"]
[Date "2008.05.20"]
[Round "1.9"]
[White "Montero Garcia, Francisco Javier"]
[Black "Lariño Nieto, David"]
[Result "0-1"]
[WhiteElo "1902"]
[BlackElo "2422"]
[PlyCount "42"]
[EventDate "2008.05.20"]
[EventType "swiss"]
[EventRounds "1"]
[EventCountry "ESP"]
[Source "lmi"]
[SourceDate "2008.05.20"]

1. e4 e6 2. d3 c5 3. Nd2 Nc6 4. Ngf3 d5 5. g3 g6 6. Bg2 Bg7 7. O-O Nge7 8. c3
O-O 9. Re1 b6 10. a3 Ba6 11. Qc2 dxe4 12. dxe4 Bd3 13. Qa4 Qc7 14. e5 Rad8 15.
Nc4 Bxc4 16. Qxc4 Nxe5 17. Nxe5 Bxe5 18. Bg5 Bg7 19. Rxe6 fxe6 20. Qxe6+ Rf7
21. Re1 Kf8 0-1

[Event "Open Bicentenario Móstoles 1808"]
[Site "Móstoles ESP"]
[Date "2008.05.20"]
[Round "1.10"]
[White "Serrano Salvador, Eduardo"]
[Black "Fernandez Fernandez, Jose A"]
[Result "1-0"]
[WhiteElo "2361"]
[BlackElo "1899"]
[PlyCount "53"]
[EventDate "2008.05.20"]
[EventType "swiss"]
[EventRounds "1"]
[EventCountry "ESP"]
[Source "lmi"]
[SourceDate "2008.05.20"]

1. d4 Nf6 2. Nf3 g6 3. c4 c5 4. d5 e6 5. Nc3 exd5 6. cxd5 d6 7. h3 Bg7 8. e4
O-O 9. Bd3 Re8 10. O-O a6 11. a4 Nbd7 12. Bf4 Qc7 13. Re1 c4 14. Bf1 Rb8 15.
Bh2 b5 16. axb5 axb5 17. Nd4 Ne5 18. Ncxb5 Qc5 19. Nxd6 Qxd6 20. Nc6 Rxb2 21.
Nxe5 Qc5 22. Qf3 c3 23. Nd3 Qb6 24. Be5 Rb3 25. Rac1 Ba6 26. Rxc3 Rxc3 27. Bxc3
1-0

[Event "Open Bicentenario Móstoles 1808"]
[Site "Móstoles ESP"]
[Date "2008.05.20"]
[Round "1.11"]
[White "Rodriguez Bachiller, Luis"]
[Black "Ballesteros Gonzalez, David"]
[Result "0-1"]
[WhiteElo "1898"]
[BlackElo "2303"]
[PlyCount "56"]
[EventDate "2008.05.20"]
[EventType "swiss"]
[EventRounds "1"]
[EventCountry "ESP"]
[Source "lmi"]
[SourceDate "2008.05.20"]

1. e4 c5 2. Nf3 d6 3. d4 cxd4 4. Nxd4 Nf6 5. Nc3 Nc6 6. Be3 Ng4 7. Nxc6 bxc6 8.
Bf4 Qb6 9. Qd2 Qxb2 10. Rb1 Qa3 11. Be2 g6 12. h3 Nf6 13. e5 dxe5 14. Bxe5 Bg7
15. Bc7 Be6 16. Bf3 Nd5 17. Nxd5 Bxd5 18. Rb3 Qxa2 19. Bxd5 cxd5 20. O-O O-O
21. Qxd5 Qxc2 22. Ba5 Rac8 23. Bb4 Rfd8 24. Qf3 Rb8 25. Rfb1 e6 26. Be7 Rxb3
27. Rxb3 Qc1+ 28. Kh2 Qc7+ 0-1

[Event "Open Bicentenario Móstoles 1808"]
[Site "Móstoles ESP"]
[Date "2008.05.20"]
[Round "1.12"]
[White "Morales Rivera, John Alexander"]
[Black "Galan Aguado, Fernando"]
[Result "1-0"]
[WhiteElo "2298"]
[BlackElo "1888"]
[PlyCount "61"]
[EventDate "2008.05.20"]
[EventType "swiss"]
[EventRounds "1"]
[EventCountry "ESP"]
[Source "lmi"]
[SourceDate "2008.05.20"]

1. e4 e6 2. Nc3 d5 3. d4 dxe4 4. Nxe4 Bd7 5. Nf3 Bc6 6. Bd3 Nd7 7. O-O Be7 8.
Re1 Ngf6 9. Ng3 Bxf3 10. Qxf3 c6 11. c3 O-O 12. Ne4 Nxe4 13. Qxe4 Nf6 14. Qe2
Qc7 15. Bd2 Rad8 16. Rad1 Rd5 17. g3 Rfd8 18. Bc1 R5d7 19. Bg5 Qa5 20. h4 a6
21. Bc4 Qf5 22. a3 Qg4 23. Qf1 Bd6 24. Be2 Qf5 25. Bd3 Qg4 26. Qe2 Qh3 27. Qf3
Ng4 28. Bxd8 Qh2+ 29. Kf1 Qh3+ 30. Qg2 Nh2+ 31. Kg1 1-0

[Event "Open Bicentenario Móstoles 1808"]
[Site "Móstoles ESP"]
[Date "2008.05.20"]
[Round "1.13"]
[White "Avendaño Mateos, Jose"]
[Black "Madina Yadarola, Martin"]
[Result "0-1"]
[WhiteElo "1882"]
[BlackElo "2277"]
[PlyCount "86"]
[EventDate "2008.05.20"]
[EventType "swiss"]
[EventRounds "1"]
[EventCountry "ESP"]
[Source "lmi"]
[SourceDate "2008.05.20"]

1. d4 Nf6 2. Nf3 g6 3. Bf4 Bg7 4. h3 O-O 5. e3 d6 6. Be2 b6 7. O-O c5 8. c3 Ba6
9. Nbd2 Qc8 10. Bxa6 Qxa6 11. Qc2 Nc6 12. Ne4 Rac8 13. Nxf6+ Bxf6 14. d5 Na5
15. Bg5 b5 16. Qe4 Nc4 17. b3 Nd2 18. Nxd2 Bxg5 19. c4 b4 20. Qc2 Bf6 21. Rae1
Qb7 22. f4 a5 23. Ne4 Bg7 24. h4 Qd7 25. Rf3 a4 26. h5 axb3 27. axb3 Ra8 28.
hxg6 hxg6 29. Ng5 Bc3 30. Rb1 Kg7 31. Rg3 Rh8 32. Ne4 Bf6 33. Nxf6 exf6 34. e4
Rh4 35. e5 dxe5 36. fxe5 fxe5 37. Qe2 Qf5 38. Rf1 Rf4 39. Rgf3 Rxf3 40. Rxf3
Qg5 41. Qf1 f5 42. Qe1 e4 43. Rf2 Qg3 0-1

[Event "Open Bicentenario Móstoles 1808"]
[Site "Móstoles ESP"]
[Date "2008.05.20"]
[Round "1.14"]
[White "Estrada Martinez, Cesar"]
[Black "Corregidor Serrano, Julian"]
[Result "1-0"]
[WhiteElo "2253"]
[BlackElo "1872"]
[PlyCount "78"]
[EventDate "2008.05.20"]
[EventType "swiss"]
[EventRounds "1"]
[EventCountry "ESP"]
[Source "lmi"]
[SourceDate "2008.05.20"]

1. Nf3 Nf6 2. c4 d6 3. d4 g6 4. Nc3 Bg7 5. e4 O-O 6. Be2 Bg4 7. O-O Bxf3 8.
Bxf3 Nbd7 9. Be3 e5 10. Re1 Re8 11. d5 Nb6 12. Be2 Nfd7 13. b4 f5 14. f3 f4 15.
Bf2 Rf8 16. c5 Nc8 17. Rc1 Rf7 18. a4 Nf6 19. Nb5 Kh8 20. Qc2 Ne8 21. a5 a6 22.
Na3 Na7 23. Qa4 Bf6 24. Rc2 Bh4 25. Bxh4 Qxh4 26. Rec1 Qd8 27. b5 axb5 28. Nxb5
Nxb5 29. Qxb5 Kg7 30. c6 bxc6 31. Rxc6 Rd7 32. a6 Ra7 33. Rb1 Nf6 34. Qb8 Qxb8
35. Rxb8 Ng8 36. Rb7 Ra8 37. Rcxc7 Rxc7 38. Rxc7+ Kf6 39. Rd7 Ne7 1-0

[Event "Open Bicentenario Móstoles 1808"]
[Site "Móstoles ESP"]
[Date "2008.05.20"]
[Round "1.15"]
[White "Martin-Consuegra Barrilero, Francisco Javier"]
[Black "De la Fuente Gonzalez, Francisco"]
[Result "0-1"]
[WhiteElo "1867"]
[BlackElo "2244"]
[PlyCount "44"]
[EventDate "2008.05.20"]
[EventType "swiss"]
[EventRounds "1"]
[EventCountry "ESP"]
[Source "lmi"]
[SourceDate "2008.05.20"]

1. d4 d5 2. Bg5 h6 3. Bh4 c6 4. Nf3 Bf5 5. e3 Qb6 6. b3 e6 7. Bd3 Bxd3 8. Qxd3
Nd7 9. O-O Ngf6 10. Nbd2 c5 11. c3 Bd6 12. e4 dxe4 13. Nxe4 Nxe4 14. Qxe4 cxd4
15. Nxd4 O-O 16. Nf3 Rac8 17. c4 Nc5 18. Qd4 f5 19. Rad1 Ne4 20. Bg3 Qxd4 21.
Rxd4 Bc5 22. Bd6 Bxd6 0-1

[Event "Open Bicentenario Móstoles 1808"]
[Site "Móstoles ESP"]
[Date "2008.05.20"]
[Round "1.16"]
[White "Martinez Tormo, Jorge"]
[Black "Aguado Rodriguez, Guillermo"]
[Result "1-0"]
[WhiteElo "2219"]
[BlackElo "1860"]
[PlyCount "97"]
[EventDate "2008.05.20"]
[EventType "swiss"]
[EventRounds "1"]
[EventCountry "ESP"]
[Source "lmi"]
[SourceDate "2008.05.20"]

1. e4 e5 2. Nf3 Nc6 3. Bb5 a6 4. Ba4 Nf6 5. d3 b5 6. Bb3 Be7 7. O-O O-O 8. Re1
d6 9. c3 Bg4 10. h3 Bh5 11. Nbd2 Na5 12. Bc2 c5 13. Nf1 h6 14. g4 Nxg4 15. hxg4
Bxg4 16. N1h2 Bh5 17. d4 cxd4 18. cxd4 Nc6 19. d5 Nd4 20. Qd3 Nxc2 21. Qxc2 Rc8
22. Qd3 Qd7 23. Nd2 Rc7 24. Ndf1 Rfc8 25. Bd2 Bg5 26. Bxg5 hxg5 27. Qe3 f6 28.
Rac1 Rc2 29. Ng3 Bg6 30. Rxc2 Rxc2 31. Qb3 Qc7 32. Nhf1 Qc5 33. Ne3 Rd2 34. Rd1
Rxd1+ 35. Qxd1 Qb4 36. Qc2 Kh7 37. a3 Qe1+ 38. Kg2 b4 39. axb4 Qxb4 40. Nef5 a5
41. f3 Qb6 42. Kh3 Bf7 43. Qc6 Qxb2 44. Qd7 g4+ 45. fxg4 Kg8 46. Nxd6 Bxd5 47.
exd5 Qd2 48. Ndf5 Qg5 49. Ne4 1-0

[Event "Open Bicentenario Móstoles 1808"]
[Site "Móstoles ESP"]
[Date "2008.05.20"]
[Round "1.17"]
[White "Martos De La Vega, Alvaro"]
[Black "Prada Lopez, Miguel Angel"]
[Result "1/2-1/2"]
[WhiteElo "1858"]
[BlackElo "2184"]
[PlyCount "31"]
[EventDate "2008.05.20"]
[EventType "swiss"]
[EventRounds "1"]
[EventCountry "ESP"]
[Source "lmi"]
[SourceDate "2008.05.20"]

1. d4 Nf6 2. c4 c5 3. d5 e6 4. Nc3 exd5 5. cxd5 d6 6. e4 g6 7. Nf3 Bg7 8. Bb5+
Nbd7 9. e5 dxe5 10. Nxe5 O-O 11. Nxd7 Nxd7 12. O-O a6 13. Be2 b5 14. Be3 Bb7
15. Rc1 Rc8 16. Qd2 1/2-1/2

[Event "Open Bicentenario Móstoles 1808"]
[Site "Móstoles ESP"]
[Date "2008.05.20"]
[Round "1.18"]
[White "Lopez Rodriguez, Walter"]
[Black "Keller, August"]
[Result "1-0"]
[WhiteElo "2167"]
[BlackElo "1839"]
[PlyCount "59"]
[EventDate "2008.05.20"]
[EventType "swiss"]
[EventRounds "1"]
[EventCountry "ESP"]
[Source "lmi"]
[SourceDate "2008.05.20"]

1. Nf3 Nf6 2. g3 g6 3. d4 d5 4. Bg2 Bg7 5. c4 O-O 6. cxd5 Qxd5 7. Nc3 Qa5 8.
O-O c6 9. e4 Qh5 10. Qb3 Nbd7 11. e5 Nd5 12. Nxd5 cxd5 13. Qxd5 Nb6 14. Qe4 f5
15. Qd3 Be6 16. b3 Rac8 17. Ng5 Bd5 18. Bxd5+ Nxd5 19. Ne6 Rc3 20. Qb5 Qf3 21.
Ng5 Nc7 22. Qd7 Qd5 23. Qxe7 h6 24. Nh3 Ne6 25. Be3 Nxd4 26. Bxd4 Qxd4 27. Qe6+
Kh7 28. Nf4 Bxe5 29. Qxg6+ Kh8 30. Rad1 1-0

[Event "Open Bicentenario Móstoles 1808"]
[Site "Móstoles ESP"]
[Date "2008.05.20"]
[Round "1.19"]
[White "Aguado Garcia, Pablo"]
[Black "Lopez Andujar Ocana, Antonio"]
[Result "0-1"]
[WhiteElo "1798"]
[BlackElo "2167"]
[PlyCount "54"]
[EventDate "2008.05.20"]
[EventType "swiss"]
[EventRounds "1"]
[EventCountry "ESP"]
[Source "lmi"]
[SourceDate "2008.05.20"]

1. e4 e5 2. Nf3 Nf6 3. Bc4 Nc6 4. Ng5 Bc5 5. Nxf7 Qe7 6. Nxh8 Bxf2+ 7. Kxf2
Nxe4+ 8. Kg1 d5 9. Nc3 Bg4 10. Be2 Qc5+ 11. d4 Nxd4 12. Nxe4 Nxe2+ 13. Kf1 dxe4
14. Bg5 Ng3+ 15. hxg3 Bxd1 16. Rxd1 h6 17. Ng6 Kf7 18. Nxe5+ Qxe5 19. Bf4 Qxb2
20. Ke2 Qxc2+ 21. Rd2 Qc4+ 22. Ke3 Re8 23. Rhd1 g5 24. Bxc7 Qc5+ 25. Ke2 e3 26.
Rd6 Qc2+ 27. Ke1 Qf2# 0-1

[Event "Open Bicentenario Móstoles 1808"]
[Site "Móstoles ESP"]
[Date "2008.05.20"]
[Round "1.20"]
[White "Salcedo Tornero, Pablo"]
[Black "Garcia Lopez, Fernando"]
[Result "1-0"]
[WhiteElo "2162"]
[BlackElo "1798"]
[PlyCount "63"]
[EventDate "2008.05.20"]
[EventType "swiss"]
[EventRounds "1"]
[EventCountry "ESP"]
[Source "lmi"]
[SourceDate "2008.05.20"]

1. e4 e5 2. Nf3 Nc6 3. Bb5 a6 4. Ba4 Nf6 5. O-O Be7 6. d3 b5 7. Bb3 d6 8. c3
O-O 9. Re1 Bg4 10. h3 Bh5 11. Nbd2 a5 12. a4 b4 13. Nf1 Qc8 14. Ng3 Bg6 15. Nh4
Nd8 16. Nhf5 Re8 17. Qf3 Ne6 18. Be3 Qd8 19. d4 c6 20. Rad1 Qb8 21. Bc4 Nc7 22.
dxe5 dxe5 23. Nxe7+ Rxe7 24. Bg5 bxc3 25. bxc3 Qb2 26. Bxf6 gxf6 27. Qxf6 Rae8
28. h4 h5 29. Qxg6+ Kf8 30. Qh6+ Kg8 31. Nxh5 Ne6 32. Nf6# 1-0

[Event "Open Bicentenario Móstoles 1808"]
[Site "Móstoles ESP"]
[Date "2008.05.20"]
[Round "1.21"]
[White "Sierra Bermejo, Gregorio"]
[Black "Lopez de Turiso, Jose Angel"]
[Result "0-1"]
[WhiteElo "1793"]
[BlackElo "2153"]
[PlyCount "90"]
[EventDate "2008.05.20"]
[EventType "swiss"]
[EventRounds "1"]
[EventCountry "ESP"]
[Source "lmi"]
[SourceDate "2008.05.20"]

1. c4 f5 2. Nf3 Nf6 3. Nc3 d6 4. d4 g6 5. Bg5 Bg7 6. e3 Nbd7 7. Qc2 O-O 8. Bd3
e5 9. dxe5 dxe5 10. Be2 c6 11. Rd1 Qc7 12. O-O h6 13. Bxf6 Nxf6 14. h3 Be6 15.
Rd2 Rad8 16. Rfd1 Rxd2 17. Qxd2 Nd7 18. Qd6 Qxd6 19. Rxd6 Kf7 20. Na4 Re8 21.
Rd2 Bf8 22. a3 a5 23. Nh2 e4 24. g4 Kf6 25. Nf1 Ke5 26. Ng3 Nf6 27. gxf5 gxf5
28. Nc3 Be7 29. Bf1 h5 30. Kh2 h4 31. Nh1 Bf7 32. Be2 Rg8 33. f4+ exf3 34. Bxf3
Bxc4 35. Nf2 Bc5 36. Nd3+ Bxd3 37. Rxd3 Rg3 38. Bg2 Bxe3 39. Kh1 f4 40. Ne2 Rg7
41. Rd8 Rd7 42. Rxd7 Nxd7 43. Bf3 Nc5 44. Kg2 Nd3 45. b3 Ne1+ 0-1

[Event "Open Bicentenario Móstoles 1808"]
[Site "Móstoles ESP"]
[Date "2008.05.20"]
[Round "1.22"]
[White "Vega Gomez, Francisco Borja"]
[Black "Perez Cristobal, Alberto"]
[Result "1-0"]
[WhiteElo "2150"]
[BlackElo "1792"]
[PlyCount "59"]
[EventDate "2008.05.20"]
[EventType "swiss"]
[EventRounds "1"]
[EventCountry "ESP"]
[Source "lmi"]
[SourceDate "2008.05.20"]

1. e4 e6 2. Nf3 c5 3. c4 Nc6 4. Be2 Be7 5. Nc3 d6 6. d4 cxd4 7. Nxd4 Nxd4 8.
Qxd4 Bf6 9. Qd3 a6 10. O-O Be7 11. Bf4 Nf6 12. Rfd1 e5 13. Be3 O-O 14. b4 Be6
15. Nd5 Nxd5 16. cxd5 Bd7 17. f3 Bg5 18. Bf2 Rc8 19. a4 Qc7 20. b5 axb5 21.
axb5 Ra8 22. b6 Qb8 23. Ra7 Rc8 24. Qa3 Be7 25. Ra1 Rxa7 26. bxa7 Qa8 27. Bb6
Rc2 28. Bd3 Rc5 29. Bxc5 dxc5 30. Qa5 1-0

[Event "Open Bicentenario Móstoles 1808"]
[Site "Móstoles ESP"]
[Date "2008.05.20"]
[Round "1.23"]
[White "Benitez Cadenas, Luis Miguel"]
[Black "Sanchez Naranjo, Jose Manuel"]
[Result "0-1"]
[WhiteElo "1791"]
[BlackElo "2134"]
[PlyCount "67"]
[EventDate "2008.05.20"]
[EventType "swiss"]
[EventRounds "1"]
[EventCountry "ESP"]
[Source "lmi"]
[SourceDate "2008.05.20"]

1. d4 Nf6 2. c4 g6 3. Nc3 Bg7 4. e4 d6 5. g3 O-O 6. Bg2 Nc6 7. Nge2 a6 8. O-O
e5 9. d5 Ne7 10. h3 Nd7 11. Be3 f5 12. Qd2 Nf6 13. Bh6 Nxe4 14. Nxe4 fxe4 15.
Bxg7 Kxg7 16. Nc3 Nf5 17. Nxe4 Nd4 18. f4 Bf5 19. fxe5 dxe5 20. Rae1 Bxe4 21.
Bxe4 Qe7 22. b4 Rae8 23. Rxf8 Rxf8 24. Rf1 Rxf1+ 25. Kxf1 b6 26. Kg2 Qf8 27. a3
Qe7 28. Qd1 Qg5 29. h4 Qe3 30. Qd3 Qe1 31. h5 Ne2 32. hxg6 Nxg3 33. Qf3 Qxe4
34. gxh7 0-1

[Event "Open Bicentenario Móstoles 1808"]
[Site "Móstoles ESP"]
[Date "2008.05.20"]
[Round "1.24"]
[White "Alvarez Abejon, Amilcar"]
[Black "Gutierrez Garcia, Alberto"]
[Result "1-0"]
[WhiteElo "2108"]
[BlackElo "1787"]
[PlyCount "55"]
[EventDate "2008.05.20"]
[EventType "swiss"]
[EventRounds "1"]
[EventCountry "ESP"]
[Source "lmi"]
[SourceDate "2008.05.20"]

1. e4 e5 2. Nf3 Nc6 3. d4 exd4 4. Bc4 Bc5 5. O-O Nf6 6. e5 Ne4 7. Qe2 d5 8.
exd6 f5 9. Nbd2 Qxd6 10. Nxe4 fxe4 11. Qxe4+ Qe7 12. Qd3 Ne5 13. Nxe5 Qxe5 14.
f4 Qf6 15. f5 Rf8 16. Qe2+ Be7 17. Bd2 Qb6 18. Kh1 Bxf5 19. Bg5 O-O-O 20. Bxe7
Rde8 21. Rxf5 Rxf5 22. Be6+ Kb8 23. Bxf5 g6 24. Bd7 Qxb2 25. Rf1 Rh8 26. Qe5
Rg8 27. Qe6 Rh8 28. Qf6 1-0

[Event "Open Bicentenario Móstoles 1808"]
[Site "Móstoles ESP"]
[Date "2008.05.20"]
[Round "1.25"]
[White "Fernandez Martinez, Jose"]
[Black "Ruiz Martin, Juan"]
[Result "0-1"]
[WhiteElo "1785"]
[BlackElo "2100"]
[PlyCount "32"]
[EventDate "2008.05.20"]
[EventType "swiss"]
[EventRounds "1"]
[EventCountry "ESP"]
[Source "lmi"]
[SourceDate "2008.05.20"]

1. e4 e5 2. Nf3 Nc6 3. d4 exd4 4. Nxd4 Bc5 5. Be3 Qf6 6. c3 Nge7 7. Bc4 Qg6 8.
Qf3 Ne5 9. Qe2 Qxg2 10. Rf1 Bxd4 11. Bxd4 Nf3+ 12. Kd1 d5 13. Bxd5 Bg4 14. Kc1
Nxd4 15. Qc4 Be2 16. Bxf7+ Kf8 0-1

[Event "Open Bicentenario Móstoles 1808"]
[Site "Móstoles ESP"]
[Date "2008.05.20"]
[Round "1.26"]
[White "Garcia Diaz, Victor Manuel"]
[Black "Argumanez Avendaño, Juan Antonio"]
[Result "1-0"]
[WhiteElo "2088"]
[BlackElo "1774"]
[PlyCount "99"]
[EventDate "2008.05.20"]
[EventType "swiss"]
[EventRounds "1"]
[EventCountry "ESP"]
[Source "lmi"]
[SourceDate "2008.05.20"]

1. e4 c5 2. c3 e6 3. d4 d5 4. e5 Nc6 5. Nf3 Qb6 6. Bd3 Bd7 7. O-O cxd4 8. cxd4
Nge7 9. Nbd2 Nf5 10. Bxf5 exf5 11. Nb3 Be7 12. Be3 O-O 13. Nc5 Bxc5 14. dxc5
Qc7 15. Qxd5 Be6 16. Qd6 Rac8 17. Qxc7 Rxc7 18. a3 h6 19. Rfd1 a6 20. b4 Rd8
21. Rxd8+ Nxd8 22. Rd1 Nc6 23. h4 Kf8 24. Rb1 Rd7 25. a4 Ne7 26. b5 axb5 27.
axb5 Ke8 28. Nd4 f4 29. c6 bxc6 30. bxc6 Rc7 31. Rb8+ Rc8 32. Rxc8+ Bxc8 33.
Bxf4 Be6 34. Bd2 Nf5 35. Nxe6 fxe6 36. g3 Nd4 37. c7 Kd7 38. Ba5 Nb5 39. Kg2
Nxc7 40. Bxc7 Kxc7 41. Kf3 Kd7 42. h5 Ke7 43. Ke4 Kf7 44. f4 g6 45. hxg6+ Kxg6
46. g4 Kg7 47. f5 exf5+ 48. gxf5 Kf7 49. Kf4 Ke7 50. Kg4 1-0